| 000 | 00774nam a2200253 i 4500 | ||
|---|---|---|---|
| 001 | bg | ||
| 100 | 1 | _aHERNANDEZ, Michael L. | |
| 245 | 1 | 0 |
_aBazy danych dla zwykłych śmiertelników / _cMichael J. Hernandez ; przekł. z ang. Piotr Nowakowski. |
| 260 |
_aWarszawa : _b"Mikom", _c1998. |
||
| 300 |
_a329 s. : _brys. ; _c24 cm. |
||
| 490 | 1 | _a... Z Każdym Bitem Serca | |
| 504 | _aIndeks. | ||
| 521 | _aDla korzystających z : Visual Basic, Access, Delphi, PowerBuilder, FoxPro, C/C++. | ||
| 650 | 9 | _aBaza danych | |
| 655 | _aPodręczniki | ||
| 830 | _a... Z Każdym Bitem Serca | ||
| 020 | _a8387102520 | ||
| 040 | _cBPK | ||
| 041 | 1 |
_apl _hen |
|
| 080 | _a004.65(07) | ||
| 920 | _a83-87102-52-0 | ||
| 942 | _cKS | ||
| 008 | s pl f |000 0 pol | ||
| 999 |
_c33483 _d33483 |
||
| 856 |
_uhttp://koha.tu.koszalin.pl/cgi-bin/koha/opac-detail.pl?biblionumber=33483 _yKatalog online BPK |
||